Danganronpa V3 Deaths - Statistics

General Stats
  • This quiz has been taken 563 times
  • The average score is 12 of 13
Answer Stats
Cause Of Death Answer % Correct
Impaled by a bug/Burned Gonta Gokuhara
97%
Struck by a shot put ball Rantaro Amami
97%
Strangled Kaede Akamatsu
96%
Crushed by a hydraulic press Kokichi Oma
96%
Strangled with a toilet paper Miu Iruma
96%
Died from virus Kaito Momota
94%
Stabbed with a sickle Tenko Chabashira
94%
Stabbed with a katana Angie Yonaga
93%
Drowned in a sink Ryoma Hoshi
93%
Died from falling Kirumi Tojo
92%
Exploded K1-B0
91%
Boiled to death Korekiyo Shinguji
90%
Crushed with a giant stone Tsumugi Shirogane
89%
No matching quizzes found
Score Distribution
Percent of People with Each Score
Percentile by Number Answered
Your Score History
You have not taken this quiz